[Event "Mataro Maresme op-B 13th"]
[Site "Mataro"]
[Date "2016.11.05"]
[Round "5"]
[White "Gomez Girones, Fermin"]
[Black "Molina Villen, Francisco"]
[Result "0-1"]
[WhiteElo "1358"]
[BlackElo "1549"]
[PlyCount "110"]
[EventDate "2016.10.08"]
[EventType "swiss"]
[EventRounds "9"]
[EventCountry "ESP"]
[SourceTitle "EXT 2018"]
[Source "ChessBase"]
[SourceDate "2017.10.13"]
[SourceVersion "1"]
[SourceVersionDate "2017.10.13"]
[SourceQuality "1"]

1. d4 d5 2. Nf3 Nc6 3. e3 a6 4. Nbd2 Nf6 5. c3 h6 6. Bd3 e6 7. 0-0 Bd7 8. Re1 Ne7 9. e4 Bc6 10. e5 Nh7 11. Qc2 Ng5 12. Nxg5 hxg5 13. Nf1 Ng8 14. Qd2 Be7 15. Qe3 Qd7 16. Nd2 Nh6 17. Be2 0-0-0 18. a4 Rde8 19. b3 Qd8 20. Ba3 Nf5 21. Qf3 Rh6 22. Bd3 g6 23. Bxf5 gxf5 24. Qe2 Reh8 25. h3 g4 26. Nf1 gxh3 27. Bc1 Qg8 28. Ng3 Rg6 29. Qf3 hxg2 30. Kxg2 Bg5 31. Kf1 Bh4 32. Bf4 b5 33. Qd3 Bxg3 34. Bxg3 Qh7 35. Ke2 Qh5+ 36. Kd2 Qg5+ 37. Qe3 Qe7 38. Rh1 Rhg8 39. Bh4 Qf8 40. Bf6 b4 41. Qd3 Bb7 42. a5 Rg2 43. Rhf1 Kb8 44. Ra4 R8g3 45. Qxg3 Rxg3 46. fxg3 Qh6+ 47. Kd3 Bc6 48. Raa1 Bb5+ 49. c4 dxc4+ 50. bxc4 Bc6 51. Kc2 Qe3 52. d5 exd5 53. Rab1 Qc3+ 54. Kd1 Qd3+ 55. Kc1 Qxf1+ 0-1

[Event "Mataro op 11th"]
[Site "Mataro"]
[Date "2014.11.15"]
[Round "8"]
[White "Gomez Girones, Fermin"]
[Black "Burset Camps, Guillem"]
[Result "0-1"]
[WhiteElo "1768"]
[BlackElo "1862"]
[PlyCount "67"]
[EventDate "2014.09.27"]
[EventType "swiss"]
[EventRounds "9"]
[EventCountry "ESP"]
[SourceTitle "EXT 2016"]
[Source "ChessBase"]
[SourceDate "2015.10.08"]
[SourceVersion "1"]
[SourceVersionDate "2015.10.08"]
[SourceQuality "1"]

1. d4 d5 2. c4 e6 3. Nf3 Nf6 4. Nc3 Be7 5. Bg5 0-0 6. e3 a6 7. Bd3 dxc4 8. Bxc4 b5 9. Bd3 Bb7 10. Qc2 Nbd7 11. Ne4 h6 12. Bxf6 Nxf6 13. 0-0 Rc8 14. Nxf6+ Bxf6 15. Be4 Bxe4 16. Qxe4 c5 17. Rac1 c4 18. Rfd1 Qa5 19. Qc2 Qb6 20. a3 Rc7 21. Qc3 Rfc8 22. Nd2 a5 23. Ne4 Be7 24. Qd2 b4 25. a4 Qc6 26. d5 exd5 27. Qxd5 Qxa4 28. Ra1 Qc2 29. Nd6 Bxd6 30. Qxd6 Qxb2 31. Rxa5 c3 32. Raa1 c2 33. Rf1 Qxa1 34. Qd2 0-1

[Event "Mataro op 11th"]
[Site "Mataro"]
[Date "2014.09.27"]
[Round "1"]
[White "Gonzalez Saguillo, Oriol"]
[Black "Gomez Girones, Fermin"]
[Result "1-0"]
[WhiteElo "1932"]
[BlackElo "1768"]
[PlyCount "69"]
[EventDate "2014.09.27"]
[EventType "swiss"]
[EventRounds "9"]
[EventCountry "ESP"]
[SourceTitle "EXT 2016"]
[Source "ChessBase"]
[SourceDate "2015.10.08"]
[SourceVersion "1"]
[SourceVersionDate "2015.10.08"]
[SourceQuality "1"]

1. e4 d5 2. exd5 Qxd5 3. Nc3 Qd6 4. Nf3 Bg4 5. h3 Bxf3 6. Qxf3 c6 7. Bc4 e6 8. 0-0 Nf6 9. d3 Qc7 10. Re1 Bd6 11. Bg5 Nbd7 12. Bb3 0-0 13. Ne4 Nxe4 14. Rxe4 Rae8 15. Rae1 Be7 16. Bf4 Bd6 17. Bc1 Nf6 18. R4e2 Qb8 19. c3 Qc7 20. Bc2 Kh8 21. h4 Be7 22. h5 Rg8 23. d4 Qa5 24. g4 g6 25. hxg6 fxg6 26. Rxe6 Qd8 27. Rxe7 Rxe7 28. Qxf6+ Rgg7 29. Rxe7 Qxe7 30. Qxe7 Rxe7 31. Be3 Rf7 32. d5 cxd5 33. Bb3 Rd7 34. Bxa7 Kg7 35. Bd4+ 1-0

[Event "Mataro op 10th"]
[Site "Mataro"]
[Date "2013.09.28"]
[Round "1"]
[White "Gomez Girones, Fermin"]
[Black "Olive Alier, Tomas"]
[Result "0-1"]
[WhiteElo "1805"]
[BlackElo "1952"]
[PlyCount "131"]
[EventDate "2013.09.28"]
[EventType "swiss"]
[EventRounds "9"]
[EventCountry "ESP"]
[SourceTitle "EXT 2016"]
[Source "ChessBase"]
[SourceDate "2015.10.08"]
[SourceVersion "1"]
[SourceVersionDate "2015.10.08"]
[SourceQuality "1"]

1. d4 d5 2. c4 e6 3. Nc3 Nf6 4. Bg5 Nbd7 5. Nf3 Be7 6. e3 0-0 7. cxd5 exd5 8. Bd3 Re8 9. 0-0 Nf8 10. Qb3 c6 11. Rfe1 Ne6 12. Bxf6 Bxf6 13. Qc2 g6 14. Rac1 Bg7 15. b4 a6 16. a4 b5 17. axb5 cxb5 18. Ra1 Bb7 19. Qb3 Qd6 20. Bb1 Rad8 21. Rc1 Bf8 22. Na2 Rc8 23. Bd3 Be7 24. Be2 Ng7 25. Ne1 Bf6 26. Bg4 Rc4 27. Nd3 Rxc1+ 28. Rxc1 h5 29. Bf3 Ne6 30. Nc5 Ba8 31. Qd3 Ng5 32. Be2 Kg7 33. Rc2 Re7 34. Nc1 Ra7 35. N1b3 Bc6 36. Ra2 Be8 37. Qc2 Ne6 38. Nxe6+ Qxe6 39. Nc5 Qd6 40. Bd3 Be7 41. Qb2 Bd8 42. Qa1 Bc7 43. g3 a5 44. bxa5 Kg8 45. a6 Bb6 46. Nb7 Qf6 47. Qb2 Qd6 48. Qc2 Qe6 49. Nc5 Bxc5 50. Qxc5 Rxa6 51. Rxa6 Qxa6 52. Qxd5 Bc6 53. Qd8+ Kg7 54. d5 Bb7 55. Kg2 Qa2 56. e4 Qb3 57. Be2 Qa4 58. Bf3 b4 59. Qb8 Ba6 60. Qe5+ Kg8 61. d6 Bb5 62. Qd4 Bd7 63. Bd1 Qa3 64. e5 b3 65. Qb6 b2 66. Bc2 0-1